000 00464nam a2200157 4500
001 116790
003 ES-MaACL
005 20230906190753.0
007 t|
008 061121s1973 sp r ||||1| spa d
100 1 _aPascual de Aguilar, Juan Antonio.
_989376
245 1 3 _aEl ateismo, experiencia de Dios? /
_cJuan Antonio Pascual de Aguilar.
260 _aZamora :
_bMonte Casino,
_c1973.
300 _a134 p. ;
_c18 cm.
852 _aES-MaACL
_jC-56195
_bR.88757
999 _c116790
_d116790